| 000 | 00475nam a2200145Ia 4500 | ||
|---|---|---|---|
| 008 | 230312s9999||||xx |||||||||||||| ||und|| | ||
| 082 |
_a658.314122 _bCHA-J |
||
| 100 | _aHassan A. Chaaban | ||
| 245 | 0 | _aJob Satisfication, Organizational Commitment and Turnover Intent Among Nurse Anesthetists in | |
| 260 |
_bProQuest Information and Learning C _aUSA _c2006 |
||
| 300 | _a173 | ||
| 546 | _aEng. | ||
| 650 |
_aManagement _vIntroduction to the Problem |
||
| 942 | _cBK | ||
| 999 |
_c586 _d586 |
||